[Event "Florianopolis op"]
[Site "Florianopolis"]
[Date "2024.05.18"]
[Round "3"]
[White "Sekula, Markley Ribas"]
[Black "Correa, Lucas Velasques"]
[Result "1-0"]
[WhiteElo "1984"]
[BlackElo "1608"]
[PlyCount "69"]
[EventDate "2024.05.16"]
[EventType "swiss"]
[EventRounds "6"]
[EventCountry "BRA"]
[SourceTitle "EXT 2025"]
[Source "ChessBase"]
[SourceDate "2024.10.14"]
[SourceVersion "1"]
[SourceVersionDate "2024.10.14"]
[SourceQuality "1"]

1. e4 c6 2. d4 d5 3. exd5 cxd5 4. Bd3 Nf6 5. c3 h6 6. Bf4 Nc6 7. Nd2 e6 8. Ngf3 Be7 9. 0-0 a6 10. Ne5 0-0 11. Ndf3 Bd6 12. Qc2 Ne7 13. Rfe1 Bd7 14. Nxf7 Rxf7 15. Bxd6 Ne4 16. Bxe7 Qxe7 17. Bxe4 dxe4 18. Ne5 Rf5 19. Nxd7 Qxd7 20. Qxe4 Re8 21. Re3 Kf7 22. Rae1 h5 23. Rf3 g6 24. b3 b5 25. Ree3 Qd6 26. Rxf5+ gxf5 27. Qh4 Rh8 28. Rg3 Qa3 29. Qg5 Qf8 30. d5 Qh6 31. dxe6+ Kxe6 32. Re3+ Kd6 33. Qe7+ Kc6 34. Re6+ Kd5 35. Qd6# 1-0

[Event "Florianopolis op 9th"]
[Site "Florianopolis"]
[Date "2023.01.24"]
[Round "3"]
[White "Sekula, Markley Ribas"]
[Black "Rodi, Luis Ernesto"]
[Result "0-1"]
[WhiteElo "2040"]
[BlackElo "2295"]
[PlyCount "54"]
[EventDate "2023.01.23"]
[EventType "swiss"]
[EventRounds "10"]
[EventCountry "BRA"]
[SourceTitle "CBM 212 Extra"]
[Source "ChessBase"]
[SourceDate "2023.03.31"]
[SourceVersion "1"]
[SourceVersionDate "2023.03.31"]
[SourceQuality "1"]

1. Nf3 d5 2. c4 d4 3. b4 f6 4. Bb2 e5 5. a3 Be6 6. e4 Nh6 7. d3 a5 8. b5 a4 9. Be2 Nd7 10. 0-0 Nc5 11. Ne1 g5 12. Bh5+ Nf7 13. Nc2 Qd7 14. Nb4 c6 15. bxc6 bxc6 16. Nd2 Be7 17. Qc2 0-0 18. f3 Nh8 19. Rf2 Ng6 20. g3 Kg7 21. Re1 Rfb8 22. Rb1 Nb3 23. Nxb3 axb3 24. Qd1 Bxb4 25. axb4 Rxb4 26. Bc1 Qa7 27. Rxb3 Qa4 0-1

[Event "BRA-ch U2300 Amateurs"]
[Site "Sao Paulo"]
[Date "2022.06.16"]
[Round "1"]
[White "Kazuhiro Shikasho, Erik"]
[Black "Sekula, Markley Ribas"]
[Result "0-1"]
[WhiteElo "1889"]
[BlackElo "2046"]
[PlyCount "108"]
[EventDate "2022.06.16"]
[EventType "swiss"]
[EventRounds "7"]
[EventCountry "BRA"]
[SourceTitle "CBM 208 Extra"]
[Source "ChessBase"]
[SourceDate "2022.07.31"]
[SourceVersion "1"]
[SourceVersionDate "2022.07.31"]
[SourceQuality "1"]

1. e4 e5 2. Nf3 Nc6 3. Bb5 a6 4. Ba4 Nf6 5. 0-0 d6 6. Qe2 Be7 7. c3 0-0 8. d3 b5 9. Bb3 Na5 10. Bc2 c5 11. d4 Qc7 12. d5 c4 13. Nbd2 Bd7 14. Rd1 Rfb8 15. Nf1 Nb7 16. Ng3 a5 17. Nh4 Nxd5 18. exd5 Bxh4 19. Qh5 Bf6 20. Qxh7+ Kf8 21. Bf5 Ke7 22. Bxd7 Rh8 23. Qe4 Qxd7 24. Be3 g6 25. Qf3 Rh4 26. Re1 Qg4 27. Qxg4 Rxg4 28. f3 Rh4 29. Ne4 Rh5 30. a4 Bh4 31. Rec1 f5 32. Nd2 f4 33. Bf2 Bxf2+ 34. Kxf2 Nc5 35. Kg1 Rb8 36. axb5 Rxb5 37. Ra3 Nd3 38. Rb1 Rxd5 39. Nxc4 e4 40. fxe4 Rb5 41. b4 f3 42. g3 f2+ 43. Kg2 axb4 44. cxb4 Rxb4 45. Rxb4 Rxh2+ 46. Kxh2 f1Q 47. Rb7+ Ke6 48. Ra6 Qe2+ 49. Kg1 Qd1+ 50. Kg2 Qc2+ 51. Kf3 Qf2+ 52. Kg4 Qe2+ 53. Kh3 Nf2+ 54. Kg2 Nxe4+ 0-1

[Event "Florianopolis op 7th"]
[Site "Florianopolis"]
[Date "2021.01.23"]
[Round "8"]
[White "Sekula, Markley Ribas"]
[Black "Caetano, Ryan Wesley da Cost"]
[Result "1/2-1/2"]
[WhiteElo "2059"]
[BlackElo "2298"]
[PlyCount "77"]
[EventDate "2021.01.18"]
[EventType "swiss"]
[EventRounds "10"]
[EventCountry "BRA"]
[SourceTitle "CBM 200 Extra"]
[Source "ChessBase"]
[SourceDate "2021.03.31"]
[SourceVersion "1"]
[SourceVersionDate "2021.03.31"]
[SourceQuality "1"]

1. e4 c5 2. c3 Nf6 3. e5 Nd5 4. Nf3 Nc6 5. Bc4 Nb6 6. Bb3 c4 7. Bc2 Qc7 8. Qe2 g5 9. e6 dxe6 10. Nxg5 Bd7 11. d4 cxd3 12. Bxd3 Ne5 13. Bxh7 Bh6 14. Bc2 0-0-0 15. Na3 Rdg8 16. f4 Bxg5 17. fxg5 Ng6 18. Bd2 Rxh2 19. Rxh2 Qxh2 20. 0-0-0 Qc7 21. Nb5 Bxb5 22. Qxb5 Nc4 23. Bxg6 a6 24. Qa4 fxg6 25. b3 Nxd2 26. Rxd2 Kb8 27. Qd4 e5 28. Qe3 Rf8 29. Kb2 e6 30. Re2 Rf7 31. g4 Rf4 32. Rh2 Rf8 33. Rh6 Qg7 34. Qe4 Rg8 35. b4 Ka8 36. Kb3 Qd7 37. Qxe5 Qd1+ 38. Kb2 Qd2+ 39. Kb3 1/2-1/2

[Event "Florianopolis op 7th"]
[Site "Florianopolis"]
[Date "2021.01.18"]
[Round "1"]
[White "Cordioli, Jairo Ribeiro"]
[Black "Sekula, Markley Ribas"]
[Result "0-1"]
[WhiteElo "1784"]
[BlackElo "2059"]
[PlyCount "48"]
[EventDate "2021.01.18"]
[EventType "swiss"]
[EventRounds "10"]
[EventCountry "BRA"]
[SourceTitle "CBM 200 Extra"]
[Source "ChessBase"]
[SourceDate "2021.03.31"]
[SourceVersion "1"]
[SourceVersionDate "2021.03.31"]
[SourceQuality "1"]

1. d4 Nf6 2. c4 e6 3. Nc3 Bb4 4. Qc2 0-0 5. Nf3 c5 6. e3 b6 7. Bd2 cxd4 8. exd4 Bb7 9. Bd3 Bxf3 10. gxf3 Nc6 11. Be3 e5 12. dxe5 Nxe5 13. Be2 Rc8 14. Qb3 Bxc3+ 15. Qxc3 Nxc4 16. Bxc4 d5 17. Rd1 Rxc4 18. Qd3 Qc8 19. 0-0 Qh3 20. Bd4 Nh5 21. Be5 Nf4 22. Bxf4 Rxf4 23. Qxd5 Rf5 24. Qd2 Rf6 0-1

[Event "Florianopolis op 6th"]
[Site "Florianopolis"]
[Date "2020.01.25"]
[Round "9"]
[White "Sekula, Markley Ribas"]
[Black "Cordeiro, Marco Aurelio Zaror"]
[Result "0-1"]
[WhiteElo "2056"]
[BlackElo "2217"]
[PlyCount "70"]
[EventDate "2020.01.20"]
[EventType "swiss"]
[EventRounds "10"]
[EventCountry "BRA"]
[SourceTitle "CBM 194 Extra"]
[Source "ChessBase"]
[SourceDate "2020.03.31"]
[SourceVersion "1"]
[SourceVersionDate "2020.03.31"]
[SourceQuality "1"]

1. e4 Nf6 2. Nc3 e6 3. d4 d5 4. Bg5 Bb4 5. Nge2 dxe4 6. a3 Be7 7. Bxf6 gxf6 8. Nxe4 f5 9. N4c3 Bf6 10. g3 Nc6 11. d5 exd5 12. Qxd5 Qxd5 13. Nxd5 Bxb2 14. Nxc7+ Kd8 15. Rb1 Kxc7 16. Rxb2 Re8 17. f4 Be6 18. Kf2 Rad8 19. c3 Bd5 20. Bg2 Be4 21. Rc1 Kb8 22. Bf1 Rd5 23. a4 Red8 24. Ra1 Rd3 25. a5 Ne7 26. Ra4 Rf3+ 27. Ke1 Rfd3 28. Rab4 R8d7 29. a6 b6 30. Rc4 Rd1+ 31. Kf2 Nd5 32. Bh3 Nf6 33. Nd4 Rh1 34. Nf3 Rd3 35. Bg2 Rxf3+ 0-1

[Event "Florianopolis op 6th"]
[Site "Florianopolis"]
[Date "2020.01.23"]
[Round "5"]
[White "Cezar, Ricardo de Almeida"]
[Black "Sekula, Markley Ribas"]
[Result "0-1"]
[WhiteElo "1644"]
[BlackElo "2056"]
[PlyCount "49"]
[EventDate "2020.01.20"]
[EventType "swiss"]
[EventRounds "10"]
[EventCountry "BRA"]
[SourceTitle "CBM 194 Extra"]
[Source "ChessBase"]
[SourceDate "2020.03.31"]
[SourceVersion "1"]
[SourceVersionDate "2020.03.31"]
[SourceQuality "1"]

1. d4 Nf6 2. c4 d6 3. Nc3 g6 4. e4 Bg7 5. Nf3 0-0 6. Be2 Nc6 7. 0-0 e5 8. d5 Ne7 9. Ne1 Nd7 10. Nd3 f5 11. Bd2 b6 12. b4 a5 13. c5 axb4 14. cxd6 cxd6 15. Nxb4 fxe4 16. Nxe4 Nc5 17. Nc3 Nf5 18. Nb5 Bd7 19. Rc1 Qf6 20. Bc3 Bh6 21. Rc2 Nh4 22. Bd2 g5 23. Nc6 Bf5 24. Bg4 Bd3 25. Rc3 0-1

[Event "Sao Paulo Carnaval op"]
[Site "Sao Paulo"]
[Date "2019.03.04"]
[Round "6"]
[White "Sekula, Markley Ribas"]
[Black "Cadilhac, Igor Tokuichi Kikuc"]
[Result "0-1"]
[WhiteElo "2051"]
[BlackElo "2231"]
[PlyCount "136"]
[EventDate "2019.03.02"]
[EventType "swiss"]
[EventRounds "7"]
[EventCountry "BRA"]
[SourceTitle "EXT 2020"]
[Source "ChessBase"]
[SourceDate "2019.10.17"]
[SourceVersion "1"]
[SourceVersionDate "2019.10.17"]
[SourceQuality "1"]

1. Nf3 c5 2. c4 Nc6 3. g3 g6 4. Nc3 Bg7 5. Bg2 d6 6. 0-0 e5 7. d3 Nge7 8. Bd2 h6 9. a3 a5 10. Rb1 0-0 11. Ne1 Be6 12. Nd5 Rb8 13. Nc2 b5 14. Nxe7+ Nxe7 15. Ne3 Kh7 16. cxb5 Rxb5 17. Nc4 d5 18. a4 Rb7 19. Nxa5 Ra7 20. Nb3 Qd6 21. Rc1 Rc8 22. Rxc5 Rxc5 23. Bb4 Rac7 24. Nxc5 Rxc5 25. Bxc5 Qxc5 26. Qd2 Nc6 27. Rb1 Bf8 28. Qc3 Qb6 29. Rc1 Nd4 30. Bf1 Bd6 31. e3 Nf3+ 32. Kg2 Ng5 33. a5 Qb7 34. d4 Bh3+ 35. Kh1 Bxf1 36. Rxf1 Bb4 37. Qb3 Qb5 38. Kg2 Qxa5 39. dxe5 Qb5 40. h4 Ne4 41. Qc2 Nd2 42. Re1 Nf3 43. Rd1 Ne1+ 44. Rxe1 Bxe1 45. h5 Qc4 46. hxg6+ fxg6 47. Qd1 Bb4 48. Qa4 Be7 49. Qe8 Qe4+ 50. Kh2 Qxe5 51. Qf7+ Qg7 52. Qxd5 Qxb2 53. Qf7+ Qg7 54. Qd5 Qf6 55. Kg2 h5 56. Qe4 Kh6 57. f3 Bc5 58. Qe8 Bf8 59. e4 Qe7 60. Qc6 Qd6 61. Qe8 Bg7 62. f4 g5 63. Kf3 g4+ 64. Kg2 Qd2+ 65. Kh1 Qe1+ 66. Kg2 Qe2+ 67. Kh1 Qf1+ 68. Kh2 Qh3+ 0-1

[Event "Sao Paulo Carnaval op"]
[Site "Sao Paulo"]
[Date "2019.03.03"]
[Round "4"]
[White "Sekula, Markley Ribas"]
[Black "Boabaid, Jorge Alberto Duard"]
[Result "1-0"]
[WhiteElo "2051"]
[BlackElo "1841"]
[PlyCount "95"]
[EventDate "2019.03.02"]
[EventType "swiss"]
[EventRounds "7"]
[EventCountry "BRA"]
[SourceTitle "EXT 2020"]
[Source "ChessBase"]
[SourceDate "2019.10.17"]
[SourceVersion "1"]
[SourceVersionDate "2019.10.17"]
[SourceQuality "1"]

1. Nf3 c5 2. c4 Nf6 3. g3 g6 4. Bg2 Bg7 5. d4 d5 6. dxc5 Qa5+ 7. Nc3 dxc4 8. Qa4+ Qxa4 9. Nxa4 Bd7 10. Nc3 Na6 11. Ne5 Nxc5 12. Be3 Rc8 13. Bxc5 Rxc5 14. Nxd7 Nxd7 15. Bxb7 0-0 16. 0-0-0 Nb6 17. Nd5 Nxd5 18. Rxd5 Rc7 19. Ba6 Rb8 20. Rb5 Rxb5 21. Bxb5 c3 22. b3 Be5 23. Kc2 Kg7 24. Rd1 Bd6 25. Rd3 Bb4 26. Rd4 a5 27. e3 Rc5 28. Bc4 Rh5 29. h4 Rf5 30. f4 Rf6 31. Rd5 h6 32. a3 Bxa3 33. Rxa5 Bb2 34. b4 Rd6 35. Bd3 f5 36. b5 Bc1 37. Kxc1 Rxd3 38. b6 Rd8 39. b7 Rb8 40. Rb5 Kf6 41. Kc2 g5 42. hxg5+ hxg5 43. Kxc3 gxf4 44. gxf4 Ke6 45. Kd4 Kd6 46. Rb1 e6 47. Rb2 Kd7 48. Kc5 1-0

[Event "Florianopolis zt 2.4"]
[Site "Florianopolis"]
[Date "2017.04.30"]
[Round "8"]
[White "Sekula, Markley Ribas"]
[Black "Campelo, Leandro Fabricio"]
[Result "0-1"]
[WhiteElo "2065"]
[BlackElo "2207"]
[PlyCount "62"]
[EventDate "2017.04.26"]
[EventType "swiss"]
[EventRounds "9"]
[EventCountry "BRA"]
[SourceTitle "CBM 178 Extra"]
[Source "ChessBase"]
[SourceDate "2017.06.22"]
[SourceVersion "1"]
[SourceVersionDate "2017.06.22"]
[SourceQuality "1"]

1. e4 e6 2. d4 d5 3. Nc3 Bb4 4. Nge2 dxe4 5. a3 Be7 6. Nxe4 Nc6 7. c3 Nf6 8. N2g3 e5 9. Nxf6+ Bxf6 10. d5 Ne7 11. Bc4 0-0 12. Ne4 Nf5 13. Nxf6+ Qxf6 14. Qf3 Qe7 15. 0-0 Nd6 16. Be2 f5 17. c4 f4 18. Qb3 b6 19. Bd2 e4 20. Rfe1 Qf7 21. Bf1 Bd7 22. Bb4 Rad8 23. c5 bxc5 24. Bxc5 f3 25. g3 Qh5 26. Bxd6 cxd6 27. Qc4 Bf5 28. h3 Rf6 29. Rad1 e3 30. Rd4 e2 31. Bxe2 Qxh3 0-1

[Event "Florianopolis zt 2.4"]
[Site "Florianopolis"]
[Date "2017.04.26"]
[Round "1"]
[White "Sekula, Markley Ribas"]
[Black "Mekhitarian, Krikor Sevag"]
[Result "0-1"]
[WhiteElo "2065"]
[BlackElo "2544"]
[PlyCount "44"]
[EventDate "2017.04.26"]
[EventType "swiss"]
[EventRounds "9"]
[EventCountry "BRA"]
[SourceTitle "CBM 178 Extra"]
[Source "ChessBase"]
[SourceDate "2017.06.22"]
[SourceVersion "1"]
[SourceVersionDate "2017.06.22"]
[SourceQuality "1"]

1. e4 e5 2. Nf3 Nc6 3. c3 d5 4. Qa4 Bd7 5. exd5 Nd4 6. Qd1 Nxf3+ 7. Qxf3 Bd6 8. Bc4 f5 9. d3 Nf6 10. Bb3 0-0 11. c4 e4 12. dxe4 fxe4 13. Qe2 Ng4 14. Be3 Bf4 15. Bxf4 Rxf4 16. 0-0 Qh4 17. h3 Raf8 18. Nd2 Nxf2 19. Qe3 Nxh3+ 20. gxh3 Bxh3 21. Rxf4 Rxf4 22. Nf1 Rg4+ 0-1

[Event "Curitiba Sul Region-ch"]
[Site "Curitiba"]
[Date "2017.04.14"]
[Round "2"]
[White "Ferrero, Carlos E"]
[Black "Sekula, Markley Ribas"]
[Result "1/2-1/2"]
[WhiteElo "1921"]
[BlackElo "2065"]
[PlyCount "20"]
[EventDate "2017.04.14"]
[EventType "swiss"]
[EventRounds "6"]
[EventCountry "BRA"]
[SourceTitle "CBM 178 Extra"]
[Source "ChessBase"]
[SourceDate "2017.06.22"]
[SourceVersion "1"]
[SourceVersionDate "2017.06.22"]
[SourceQuality "1"]

1. Nf3 d6 2. d4 g6 3. c4 Bg7 4. Nc3 Bg4 5. e3 c5 6. Be2 cxd4 7. exd4 Nh6 8. h3 Bxf3 9. Bxf3 Nc6 10. Bxc6+ bxc6 1/2-1/2

[Event "Joinville op U2200"]
[Site "Joinville"]
[Date "2017.02.18"]
[Round "3"]
[White "Sekula, Markley Ribas"]
[Black "Caetano, Ryan Wesley da Cost"]
[Result "0-1"]
[WhiteElo "2059"]
[BlackElo "1843"]
[PlyCount "113"]
[EventDate "2017.02.17"]
[EventType "swiss"]
[EventRounds "7"]
[EventCountry "BRA"]
[SourceTitle "CBM 177 Extra"]
[Source "ChessBase"]
[SourceDate "2017.04.27"]
[SourceVersion "1"]
[SourceVersionDate "2017.04.27"]
[SourceQuality "1"]

1. e4 c5 2. Nf3 d6 3. d4 cxd4 4. Nxd4 Nf6 5. Nc3 a6 6. h3 e6 7. g4 b5 8. a3 Bb7 9. Bg2 Be7 10. Be3 Qc7 11. Qe2 Nc6 12. f4 Rc8 13. 0-0 Na5 14. g5 Nd7 15. Rad1 Nc4 16. Bc1 Qb6 17. Kh1 Nxa3 18. bxa3 Rxc3 19. Bb2 Rc8 20. Qh5 g6 21. Qe2 Rg8 22. h4 Qc7 23. Rc1 Qc4 24. Qf2 Nc5 25. e5 d5 26. Rfe1 Na4 27. Bf1 Qc7 28. c3 Nc5 29. Qf3 Ne4 30. Kg2 Nd2 31. Qg4 Nc4 32. Bxc4 dxc4+ 33. Kg3 Bd5 34. h5 Bc5 35. Re2 Qa5 36. Nc2 Qb6 37. Rd1 Ba8 38. Red2 Qb7 39. Ne1 Ke7 40. Rd7+ Qxd7 41. Rxd7+ Kxd7 42. Qd1+ Ke7 43. Nf3 Rgd8 44. Nd4 Bxd4 45. cxd4 c3 46. Bc1 Rc4 47. Be3 c2 48. Qc1 Rc3 49. Kf2 Rdc8 50. Qb2 c1Q 51. Qb4+ Ke8 52. Bxc1 Rxc1 53. Ke2 gxh5 54. Qd6 R1c6 55. Qb4 h4 56. Qe1 Rc2+ 57. Kd3 0-1

[Event "Joinville op U2200"]
[Site "Joinville"]
[Date "2017.02.18"]
[Round "5"]
[White "Sekula, Markley Ribas"]
[Black "Niehues, Luiz Cesar"]
[Result "1-0"]
[WhiteElo "2059"]
[BlackElo "1646"]
[PlyCount "85"]
[EventDate "2017.02.17"]
[EventType "swiss"]
[EventRounds "7"]
[EventCountry "BRA"]
[SourceTitle "CBM 177 Extra"]
[Source "ChessBase"]
[SourceDate "2017.04.27"]
[SourceVersion "1"]
[SourceVersionDate "2017.04.27"]
[SourceQuality "1"]

1. e4 e5 2. Nf3 Nc6 3. c3 f5 4. d4 fxe4 5. Nxe5 Nxe5 6. dxe5 d5 7. exd6 Bxd6 8. Qa4+ c6 9. Qxe4+ Ne7 10. Bc4 Bf5 11. Qd4 Qc7 12. Bg5 0-0-0 13. Nd2 Kb8 14. Qxg7 Bf4 15. Bxf4 Qxf4 16. Qg3 Ng6 17. 0-0-0 Ka8 18. Qxf4 Nxf4 19. g3 Nh3 20. Nb3 Bg6 21. Rxd8+ Rxd8 22. Rf1 Ng5 23. f3 Kb8 24. h4 Nf7 25. Bxf7 Bxf7 26. Nd2 Re8 27. Rf2 Re1+ 28. Kc2 Bg6+ 29. Ne4 Bxe4+ 30. fxe4 Rxe4 31. Rf4 Re7 32. Kd3 Kc7 33. g4 Kd6 34. Rd4+ Kc7 35. g5 b6 36. h5 Re6 37. Rg4 Kd7 38. Kd4 c5+ 39. Kd3 b5 40. g6 hxg6 41. Rxg6 Re7 42. h6 Ke8 43. Rg7 1-0

[Event "Parana-ch"]
[Site "Pirai do Sul"]
[Date "2017.02.04"]
[Round "7"]
[White "Osipi, Jair"]
[Black "Sekula, Markley Ribas"]
[Result "1/2-1/2"]
[WhiteElo "2196"]
[BlackElo "2059"]
[PlyCount "82"]
[EventDate "2017.02.01"]
[EventType "swiss"]
[EventRounds "8"]
[EventCountry "BRA"]
[SourceTitle "CBM 176 Extra"]
[Source "ChessBase"]
[SourceDate "2017.03.02"]
[SourceVersion "1"]
[SourceVersionDate "2017.03.02"]
[SourceQuality "1"]

1. c4 d6 2. Nc3 e5 3. g3 f5 4. d3 Nf6 5. Bg2 Be7 6. e3 0-0 7. Nge2 c6 8. 0-0 Na6 9. e4 Qe8 10. exf5 Bxf5 11. Ne4 Qh5 12. f3 Nxe4 13. dxe4 Bh3 14. Be3 Bxg2 15. Kxg2 Rf7 16. Qd2 Raf8 17. Ng1 b6 18. b4 Nc7 19. a4 Ne6 20. a5 bxa5 21. Rxa5 Bg5 22. Bxg5 Nxg5 23. Qxd6 Rxf3 24. Nxf3 Qh3+ 25. Kg1 Nxf3+ 26. Rxf3 Rxf3 27. Qd8+ Rf8 28. Qd3 Qh6 29. Rxa7 Qf6 30. c5 Qf2+ 31. Kh1 h6 32. Ra1 Rf3 33. Qc4+ Kh7 34. Ra2 Qe1+ 35. Kg2 Re3 36. Rf2 Rxe4 37. Qe6 Re2 38. Qf5+ Kh8 39. Qf8+ Kh7 40. Qf5+ Kh8 41. Qf8+ Kh7 1/2-1/2

[Event "Parana-ch"]
[Site "Pirai do Sul"]
[Date "2017.02.03"]
[Round "4"]
[White "Lunelli, Neuri Antonio"]
[Black "Sekula, Markley Ribas"]
[Result "0-1"]
[WhiteElo "1825"]
[BlackElo "2059"]
[PlyCount "50"]
[EventDate "2017.02.01"]
[EventType "swiss"]
[EventRounds "8"]
[EventCountry "BRA"]
[SourceTitle "CBM 176 Extra"]
[Source "ChessBase"]
[SourceDate "2017.03.02"]
[SourceVersion "1"]
[SourceVersionDate "2017.03.02"]
[SourceQuality "1"]

1. d4 d6 2. Nf3 g6 3. g3 Bg7 4. Bg2 c5 5. e3 Nf6 6. 0-0 cxd4 7. exd4 0-0 8. c4 Nc6 9. Nc3 Bf5 10. h3 h5 11. Nh4 Bd7 12. Be3 Qc8 13. Kh2 e5 14. dxe5 Nxe5 15. b3 Neg4+ 16. Kg1 Nxe3 17. fxe3 Bxh3 18. Rxf6 Bxg2 19. Rxg6 fxg6 20. Nd5 Bxd5 21. Qxd5+ Kh7 22. Rd1 Qg4 23. Kg2 Qe2+ 24. Kh1 Rf2 25. Ng2 Rxg2 0-1

[Event "Foz do Iguacu op 6th"]
[Site "Foz do Iguacu"]
[Date "2016.05.28"]
[Round "3"]
[White "Sekula, Markley Ribas"]
[Black "Deus Filho, Joaquim"]
[Result "1/2-1/2"]
[WhiteElo "2021"]
[BlackElo "2039"]
[PlyCount "64"]
[EventDate "2016.05.27"]
[EventType "swiss"]
[EventRounds "6"]
[EventCountry "BRA"]
[SourceTitle "CBM 172 Extra"]
[Source "ChessBase"]
[SourceDate "2016.06.21"]
[SourceVersion "1"]
[SourceVersionDate "2016.06.21"]
[SourceQuality "1"]

1. e4 e5 2. d4 Nc6 3. d5 Nce7 4. Bd3 Ng6 5. h4 Nxh4 6. Qg4 Ng6 7. Nf3 Nf6 8. Qg3 d6 9. Na3 a6 10. Nc4 Be7 11. Bg5 Nd7 12. Ne3 f6 13. Bh4 Nc5 14. 0-0-0 Kf7 15. Qh2 h5 16. Kb1 Qd7 17. Qg1 Nxd3 18. Rxd3 Nf4 19. Rd1 g5 20. Bg3 Ne2 21. Qe1 Nxg3 22. fxg3 Qa4 23. c4 c5 24. Qf2 Kg6 25. Rdf1 Qe8 26. Nd2 Kg7 27. Nf5+ Bxf5 28. Qxf5 Qc8 29. Qf3 Qd7 30. Rxh5 Rxh5 31. Qxh5 Rh8 32. Qf3 b5 1/2-1/2

[Event "Foz do Iguacu op 6th"]
[Site "Foz do Iguacu"]
[Date "2016.05.27"]
[Round "1"]
[White "Sekula, Markley Ribas"]
[Black "Farhat, Ali Abdallah"]
[Result "1/2-1/2"]
[WhiteElo "2021"]
[BlackElo "1731"]
[PlyCount "43"]
[EventDate "2016.05.27"]
[EventType "swiss"]
[EventRounds "6"]
[EventCountry "BRA"]
[SourceTitle "CBM 172 Extra"]
[Source "ChessBase"]
[SourceDate "2016.06.21"]
[SourceVersion "1"]
[SourceVersionDate "2016.06.21"]
[SourceQuality "1"]

1. e4 c5 2. Nf3 Nc6 3. Bd3 g6 4. 0-0 Bg7 5. c3 d6 6. h3 Nf6 7. Re1 0-0 8. Bc2 Bd7 9. d4 cxd4 10. cxd4 Rc8 11. Nc3 Ne8 12. Be3 a6 13. a3 Na7 14. Nd2 b5 15. Nd5 Nc6 16. Nb4 Nxb4 17. axb4 Qc7 18. Bb3 Qb7 19. Qe2 Nc7 20. Bf4 Qb6 21. Be3 Qb7 22. Bf4 1/2-1/2

[Event "Curitiba op"]
[Site "Curitiba"]
[Date "2016.04.24"]
[Round "6"]
[White "Almeida Silva, Emiliano Piskator"]
[Black "Sekula, Markley Ribas"]
[Result "0-1"]
[WhiteElo "1789"]
[BlackElo "2021"]
[PlyCount "45"]
[EventDate "2016.04.21"]
[EventType "swiss"]
[EventRounds "7"]
[EventCountry "BRA"]
[SourceTitle "CBM 172 Extra"]
[Source "ChessBase"]
[SourceDate "2016.06.21"]
[SourceVersion "1"]
[SourceVersionDate "2016.06.21"]
[SourceQuality "1"]

1. e4 d6 2. f4 Nf6 3. Nc3 g6 4. d4 Bg7 5. Nf3 0-0 6. Be3 Nbd7 7. h3 c5 8. e5 Nh5 9. Bc4 Nb6 10. Bd3 cxd4 11. Bxd4 Nxf4 12. 0-0 Ne6 13. Bf2 dxe5 14. Qe2 Nf4 15. Qd2 Nxd3 16. cxd3 Nd5 17. Rfe1 Nxc3 18. bxc3 Qa5 19. Rac1 Be6 20. Rc2 Rac8 21. Rec1 Rfd8 22. Ng5 Bf5 23. Ne4 0-1

[Event "Curitiba op"]
[Site "Curitiba"]
[Date "2016.04.21"]
[Round "1.23"]
[White "Sekula, Markley Ribas"]
[Black "De Oliveira, Wythor Rogerio"]
[Result "1-0"]
[WhiteElo "2021"]
[BlackElo "1279"]
[PlyCount "49"]
[EventDate "2016.04.21"]
[EventType "swiss"]
[EventRounds "7"]
[EventCountry "BRA"]
[SourceTitle "EXT 2022"]
[Source "ChessBase"]
[SourceDate "2021.10.06"]
[SourceVersion "1"]
[SourceVersionDate "2021.10.06"]
[SourceQuality "1"]

1. e4 c5 2. Nc3 e6 3. Nge2 Nc6 4. g3 b6 5. Bg2 Nge7 6. 0-0 Ng6 7. f4 f5 8. exf5 exf5 9. Nd5 Bd6 10. b3 0-0 11. Bb2 Re8 12. Kh1 Ba6 13. c4 Rb8 14. Ne3 Nb4 15. Nxf5 Bf8 16. a3 Nd3 17. Bd5+ Kh8 18. Nh6 Re7 19. Bc3 Qc7 20. Qc2 Rxe2 21. Nf7+ Kg8 22. Qxd3 Re7 23. Ne5+ Kh8 24. Nxg6+ hxg6 25. Qxg6 1-0